000 00381nam a2200157Ia 4500
008 230524s9999 xx 000 0 und d
082 _a629.8
_bERO
100 _aEronini Umaz Eronini
245 0 _aSystem Dynamics and Control
250 _a1ST
260 _aSINGAPORE
_bThomson
_c1998
300 _aX;979
500 _aQuantity Number: 7
650 _aElectrical
942 _cBK
999 _c33551
_d33551